Vitamin D3 : (Record no. 29709)
[ view plain ]
| 000 -LEADER | |
|---|---|
| fixed length control field | 01591nam a2200433 i 4500 |
| 001 - CONTROL NUMBER | |
| control field | 019998902 |
| 003 - CONTROL NUMBER IDENTIFIER | |
| control field | EG-ScBUE |
| 005 - DATE AND TIME OF LATEST TRANSACTION | |
| control field | 20211208123659.0 |
| 008 - FIXED-LENGTH DATA ELEMENTS--GENERAL INFORMATION | |
| fixed length control field | 210601t2021 enka f bc 001 0 eng d |
| 020 ## - INTERNATIONAL STANDARD BOOK NUMBER | |
| International Standard Book Number | 9781838661694 (hbk.) |
| 035 ## - SYSTEM CONTROL NUMBER | |
| System control number | (UkCU)991006798629303606 |
| 035 ## - SYSTEM CONTROL NUMBER | |
| System control number | (UkOxU)022564851 |
| 035 ## - SYSTEM CONTROL NUMBER | |
| System control number | (UkMaC)340333103 |
| 035 ## - SYSTEM CONTROL NUMBER | |
| System control number | (Uk)019998902 |
| 035 ## - SYSTEM CONTROL NUMBER | |
| System control number | (StEdALDL)1/3983206 |
| 040 ## - CATALOGING SOURCE | |
| Original cataloging agency | StDuBDS |
| Language of cataloging | eng |
| Description conventions | rda |
| Transcribing agency | StDuBDS |
| Modifying agency | UkCU |
| -- | EG-ScBUE |
| 082 04 - DEWEY DECIMAL CLASSIFICATION NUMBER | |
| Classification number | 741 |
| Item number | VIT |
| Edition number | 22 |
| 245 00 - TITLE STATEMENT | |
| Title | Vitamin D3 : |
| Remainder of title | today's best in contemporary drawing / |
| Statement of responsibility, etc | project editor Louisa Elderton ; commissioning editor Rebecca Morrill ; introduction Anna Lovatt. |
| 246 3# - VARYING FORM OF TITLE | |
| Title proper/short title | Vitamin D three : |
| Remainder of title | today's best in contemporary drawing |
| 264 #1 - PUBLICATION, DISTRIBUTION, ETC. (IMPRINT) | |
| Place of publication, distribution, etc | London : |
| Name of publisher, distributor, etc | Phaidon Press Limited, |
| Date of publication, distribution, etc | 2021. |
| 264 #4 - PUBLICATION, DISTRIBUTION, ETC. (IMPRINT) | |
| Date of publication, distribution, etc | ©2021 |
| 300 ## - PHYSICAL DESCRIPTION | |
| Extent | 299 pages : |
| Other physical details | illustrations (black and white, and colour) ; |
| Dimensions | 30 cm |
| 336 ## - CONTENT TYPE | |
| Content type term | text |
| Source | rdacontent |
| Content type code | txt |
| 336 ## - CONTENT TYPE | |
| Content type term | still image |
| Source | rdacontent |
| Content type code | txt |
| 337 ## - MEDIA TYPE | |
| Media type term | unmediated |
| Source | rdamedia |
| Media type code | n |
| 338 ## - CARRIER TYPE | |
| Carrier type term | volume |
| Source | rdacarrier |
| Carrier type code | nc |
| 504 ## - BIBLIOGRAPHY, ETC. NOTE | |
| Bibliography, etc | Includes bibliographical references and index. |
| 650 #7 - SUBJECT ADDED ENTRY--TOPICAL TERM | |
| Topical term or geographic name as entry element | Drawing |
| Chronological subdivision | 21st century |
| Form subdivision | Catalogs. |
| Source of heading or term | BUEsh |
| 650 #7 - SUBJECT ADDED ENTRY--TOPICAL TERM | |
| Topical term or geographic name as entry element | Drawing |
| Chronological subdivision | 20th century |
| Form subdivision | Catalogs. |
| Source of heading or term | BUEsh |
| 650 #7 - SUBJECT ADDED ENTRY--TOPICAL TERM | |
| Topical term or geographic name as entry element | Drawing |
| Chronological subdivision | 21st century. |
| Source of heading or term | BUEsh |
| 650 #7 - SUBJECT ADDED ENTRY--TOPICAL TERM | |
| Topical term or geographic name as entry element | Drawing |
| Chronological subdivision | 20th century. |
| Source of heading or term | BUEsh |
| 650 #7 - SUBJECT ADDED ENTRY--TOPICAL TERM | |
| Topical term or geographic name as entry element | Artists |
| Form subdivision | Biography. |
| Source of heading or term | BUEsh |
| 653 ## - INDEX TERM--UNCONTROLLED | |
| Resource For college | Arts and Design |
| Arrived date list | December2021 |
| 655 ## - INDEX TERM--GENRE/FORM | |
| Form subdivision | Reading book |
| 9 (RLIN) | 34232 |
| 700 1# - ADDED ENTRY--PERSONAL NAME | |
| Personal name | Elderton, Louisa, |
| Relator term | editor. |
| 700 1# - ADDED ENTRY--PERSONAL NAME | |
| Personal name | Morrill, Rebecca, |
| Relator term | editor. |
| 700 1# - ADDED ENTRY--PERSONAL NAME | |
| Personal name | Lovatt, Anna, |
| Relator term | author of introduction, etc. |
| 942 ## - ADDED ENTRY ELEMENTS (KOHA) | |
| Source of classification or shelving scheme | Dewey Decimal Classification |
| Koha item type | Book - Borrowing |
| Withdrawn status | Lost status | Source of classification or shelving scheme | Damaged status | Not for loan | Collection code | Home library | Current library | Shelving location | Date acquired | Source of acquisition | Cost, normal purchase price | Serial Enumeration / chronology | Total Checkouts | Total Renewals | Full call number | Barcode | Date last seen | Date checked out | Cost, replacement price | Price effective from | Koha item type |
|---|---|---|---|---|---|---|---|---|---|---|---|---|---|---|---|---|---|---|---|---|---|
| Dewey Decimal Classification | Baccah | Central Library | Central Library | Second Floor | 08/12/2021 | Purchase | 980.00 | 36257 | 1 | 8 | 741 VIT | 000056035 | 15/07/2025 | 14/11/2023 | 1225.00 | 08/12/2021 | Book - Borrowing |